Tratado de derecho civil argentino : derechos reales : del condominio, desmembración de la propiedad, acciones reales /

La obra completa se divide por materia y está distribuido como sigue: v. 1 t. 2 Parte general; v. 2 t. 1-3 Obligaciones en general; v.3 t. 1-4 Fuentes de las obligaciones; v. 4 t. 1-4 Derechos reales. Contenido del v. 4 t. 3: Condominio sin indivisión forzosa; Condominio con indivisión forzosa; Del...

Бүрэн тодорхойлолт

-д хадгалсан:
Номзүйн дэлгэрэнгүй
Үндсэн зохиолч: Salvat, Raymundo M. (autor)
Бусад зохиолчид: Argañarás, Manuel J. (actualización) (actualización)
Формат: Ном
Хэл сонгох:испани
Хэвлэсэн: Buenos Aires, Argentina : Tipográfica Editora Argentina, 1964, c1959
Хэвлэл:4a edición
Нөхцлүүд:
Шошгууд: Шошго нэмэх
Шошго байхгүй, Энэхүү баримтыг шошголох эхний хүн болох!

MARC

LEADER 00000nam^a2200000^a^4500
001 000181009
005 20250521000000.0
009 20260310101919.065
037 |a Acervo ITESO - Biblioteca 
041 |a ESP 
082 |a 346. 82  |b SAL V. 4 T. 3 
100 |a Salvat, Raymundo M.  |e (autor) 
240 1 1 |a [Tratado de derecho civil argentino] 
245 1 0 |a Tratado de derecho civil argentino :  |b derechos reales : del condominio, desmembración de la propiedad, acciones reales /  |c R.M. Salvat ; actualización de M.J. Argañarás. 
250 |a 4a edición  |b aumentada 
264 4 |a Buenos Aires, Argentina :  |b Tipográfica Editora Argentina,  |c 1964, c1959 
300 |a XLVIII, 773 p. 
336 |a texto  |b txt  |2 rdacontenido 
337 |a sin mediación  |b n  |2 rdamedio 
338 |a volumen  |b nc  |2 rdasoporte 
520 |a La obra completa se divide por materia y está distribuido como sigue: v. 1 t. 2 Parte general; v. 2 t. 1-3 Obligaciones en general; v.3 t. 1-4 Fuentes de las obligaciones; v. 4 t. 1-4 Derechos reales. Contenido del v. 4 t. 3: Condominio sin indivisión forzosa; Condominio con indivisión forzosa; Del condominio por confusión de límites; Del usufructo; Del uso y la habitación; De las servidumbres reales; Desmembraciones y cargas reales suprimidas; Acciones reales. 
649 |a XX 
650 |a Condominios -  |z Argentina -  |x Aspectos Jurídicos 
650 |a Servidumbres Legales -  |z Argentina 
650 |a Usufructo -  |z Argentina 
650 |a Acciones Reales -  |z Argentina 
650 |a Derechos Reales -  |z Argentina 
650 |a Derecho Civil -  |z Argentina 
650 |a Derecho Privado -  |z Argentina 
700 |a Argañarás, Manuel J.  |e (actualización) 
910 |a Fondo General 
920 |a Impresos - Libros 
930 |a Colección General 
905 |a 101 
901 |a 0500120574  |b IT1  |c ACC  |u 20250521 
902 |a https://opac.biblio.iteso.mx/vufind/Record/000181009